La Lluita per la utopia : Joan N. García-Nieto i el seu temps : 1929-1994 Joan N. García-Nieto i el seu temps :
Publicado:
[s.l.] :
Fundació Utopia, Joan N. García - Nieto, Estudis socials del Baix Llobregat ,
2005
Descripción Física:
1 full plegat ( 8 p.) ; 16 cm
MARC
| LEADER | 00000nam a2200000Ia 4500 | ||
|---|---|---|---|
| 001 | 17401 | ||
| 008 | 160829s2005 xx 000 0 cat d | ||
| 080 | |a FU-47-46 | ||
| 245 | |a La Lluita per la utopia : |b Joan N. García-Nieto i el seu temps : |b 1929-1994 | ||
| 260 | |a [s.l.] : |b Fundació Utopia, Joan N. García - Nieto, Estudis socials del Baix Llobregat, |c 2005 | ||
| 300 | |a 1 full plegat ( 8 p.) ; |c 16 cm | ||
| 590 | |a Exposició La lluita per la utopia, Joan N. García-Nieto i el seu temps; del 18 de desembre de 2005 al 6 d'abril de 2006. Sales d'Exposicions del Museu Palau Mercader. | ||
| 590 | |a Hi consta: Diputació Barcelona xarxa de municipis | ||
| 600 | 0 | |a García-Nieto, Joan N. |q (Joan Nepomucè), |d 1929-1994 |9 27804 | |
| 650 | |a Moviments socials |x Baix Llobregat |x Història |x S.XX |9 39348 | ||
| 901 | |a Arxiu | ||
| 942 | |n 1 | ||
| 952 | |0 0 |1 0 |4 0 |6 FU4746 |7 1 |9 48966 |a Arxiu |b Arxiu |d 2016-12-01 |l 0 |o FU-47-46 |p 17401 |r 2016-12-01 00:00:00 |w 2016-12-01 |y ARXIU | ||
| 999 | |c 52801 |d 52801 | ||